[Event "Tittle-tattles Promotional Tournament"]
[Site "SchemingMind.com"]
[Date "2008.04.15"]
[Round "-"]
[White "MazetaFighter"]
[Black "smothered mate"]
[Result "1-0"]
[WhiteCountry "GRE"]
[BlackCountry "POL"]
[WhiteElo "2037"]
[WhiteRD "69"]
[BlackElo "1927"]
[BlackRD "49"]
[GameID "150272"]

1. d4 d5 2. c4 Bf5 3. cxd5 Bxb1 4. Qa4+ c6 5. Rxb1 Qxd5 6. Nf3 Nd7 7. b4 e6 8. e3 Ngf6 9. Qc2 a5 10. Bc4 Qh5
11. bxa5 Qxa5+ 12. Bd2 Qa7 13. O-O Bd6 14. Qb3 b5 15. Bxe6 fxe6 16. Qxe6+ Be7 17. Qxc6 O-O 18. Qe6+ Rf7 19. Ng5 Rf8 20. Rxb5 h6
21. Nxf7 Rxf7 22. Rfb1 Nf8 23. Qb3 Ne4 24. Be1 Nd6 25. Ra5 Qd7 26. Bb4 Bd8 27. Rd5 Bc7 28. Bxd6 Bxd6 29. f4 Rf5 30. Rxd6+
1-0

[Event "Tittle-tattles Promotional Tournament"]
[Site "SchemingMind.com"]
[Date "2008.04.14"]
[Round "-"]
[White "riverriver"]
[Black "MazetaFighter"]
[Result "0-1"]
[WhiteCountry "USA"]
[BlackCountry "GRE"]
[WhiteElo "1848"]
[WhiteRD "70"]
[BlackElo "2037"]
[BlackRD "69"]
[GameID "150273"]

1. d4 d5 2. c4 e6 3. Nf3 Nf6 4. Nc3 c6 5. e3 Nbd7 6. Bd3 dxc4 7. Bxc4 b5 8. Bb3 b4 9. Na4 Ba6 10. Nc5 Nxc5
11. dxc5 Qxd1+ 12. Bxd1 Bxc5 13. Ba4 Rc8 14. Bc2 O-O 15. Bd2 Rfd8 16. O-O-O Be2 17. Rde1 Bd3 18. Bxd3 Rxd3 19. Kc2 Rcd8 20. b3 Ne4
21. Re2 a5 22. Rd1 Nc3 23. Ne1 R3d7 24. Bxc3 Rxd1 25. Bd2 R8xd2+ 26. Rxd2 Rxe1 27. Rd8+ Bf8 28. Rd1 Rxd1 29. Kxd1 Bd6 30. h4 h5
31. Ke2 g6 32. Kd3 Kg7 33. g3 Kf6 34. Ke4 Ke7 35. Kd3 f6 36. Kc4 g5 37. Kd3 gxh4 38. gxh4 f5 39. f3 Kd7 40. e4 fxe4+
41. fxe4 Be7 42. Kd4 Bxh4 43. Kc5 Bf2+ 44. Kc4 h4 45. Kd3 h3 46. Ke2 h2 47. Kxf2 h1=Q
0-1

[Event "Tittle-tattles Promotional Tournament"]
[Site "SchemingMind.com"]
[Date "2008.04.14"]
[Round "-"]
[White "Efren ramos"]
[Black "MazetaFighter"]
[Result "1/2-1/2"]
[WhiteCountry "NCA"]
[BlackCountry "GRE"]
[WhiteElo "1910"]
[WhiteRD "82"]
[BlackElo "2004"]
[BlackRD "71"]
[GameID "150274"]

1. Nf3 d5 2. d4 Nf6 3. c4 e6 4. Bg5 c6 5. e3 Be7 6. Nbd2 O-O 7. Qc2 Nbd7 8. Bd3 h6 9. h4 c5 10. cxd5 exd5
11. Bxf6 Bxf6 12. dxc5 Qa5 13. a3 Qxc5 14. Rc1 Qxc2 15. Rxc2=
1/2-1/2

[Event "Tittle-tattles Promotional Tournament"]
[Site "SchemingMind.com"]
[Date "2008.04.14"]
[Round "-"]
[White "Vaidotas"]
[Black "MazetaFighter"]
[Result "0-1"]
[WhiteCountry "LTU"]
[BlackCountry "GRE"]
[WhiteElo "1904"]
[WhiteRD "67"]
[BlackElo "2037"]
[BlackRD "69"]
[GameID "150275"]

1. e4 e5 2. Nf3 Nc6 3. Bc4 Bc5 4. b4 Bxb4 5. c3 Be7 6. d4 Na5 7. Nxe5 Nxc4 8. Nxc4 d5 9. exd5 Qxd5 10. Ne3 Qa5
11. Bd2 Nf6 12. O-O O-O 13. c4 Qb6 14. c5 Qc6 15. Nc3 Be6 16. Qc2 Rad8 17. Nf5 Bxf5 18. Qxf5 Bxc5 19. Qxc5 Qxc5 20. dxc5 Rxd2
21. Nb5 a6 22. Nc3 Rfd8 23. Rad1 Rxd1 24. Rxd1 Rxd1+ 25. Nxd1 c6 26. Nc3 Nd7 27. Ne4 f5 28. Nd6 Nxc5 29. Nxf5 Kf7 30. Kf1 Kf6
31. Ne3 b5 32. Ke2 Ke5 33. f3 Na4 34. Kd3 c5 35. Ng4+ Ke6 36. Nf2 Kd5 37. Ne4 c4+ 38. Ke3 b4 39. Kd2 c3+ 40. Kc2 Nc5
41. Ng5 h6 42. Nh3 a5 43. Nf2 Kc4 44. Nd1 g6 45. Ne3+ Kd4 46. Ng4 h5 47. Nh6 a4 48. g4 b3+ 49. axb3 axb3+ 50. Kc1 Kd3
51. gxh5 b2+ 52. Kb1 Na4 53. hxg6 c2+
0-1

[Event "Tittle-tattles Promotional Tournament"]
[Site "SchemingMind.com"]
[Date "2008.04.15"]
[Round "-"]
[White "z"]
[Black "MazetaFighter"]
[Result "1-0"]
[WhiteCountry "IRQ"]
[BlackCountry "GRE"]
[WhiteElo "1782"]
[WhiteRD "54"]
[BlackElo "2048"]
[BlackRD "67"]
[GameID "150276"]

1. b4 e5 2. Bb2 Bxb4 3. Bxe5 Nf6 4. a3 Be7 5. c4 Nc6 6. Bb2 O-O 7. Nf3 d5 8. cxd5 Qxd5 9. e3 Bg4 10. Be2 Rad8
11. O-O a6 12. d4 Ne4 13. Nc3 Nxc3 14. Bxc3 Bf6 15. Qb1 Bf5 16. Bd3 Bxd3 17. Qxd3 Rfe8 18. Rfe1 Ne5 19. Nxe5 Qxe5 20. Qe2 Qe4
21. Qb2 b6 22. f3 Qe6 23. e4 Qc4 24. Rac1 Bxd4+ 25. Bxd4 Qxd4+ 26. Qxd4 Rxd4 27. Rxc7 Ra4 28. Rb1 b5 29. Rb3 Rd8 30. Kf2 Kf8
31. Ke3 g6 32. g4 h6 33. h4 Rd1 34. Kf4 Ra1 35. Ke5 R1xa3 36. Rxa3 Rxa3 37. f4 Kg7 38. f5 gxf5 39. gxf5 b4 40. f6+ Kg6
41. h5+ Kxh5 42. Rxf7 Rf3 43. Ke6 b3 44. Rb7 a5 45. f7 Kg6 46. e5 a4 47. Rb4 a3 48. Rxb3
1-0

[Event "Tittle-tattles Promotional Tournament"]
[Site "SchemingMind.com"]
[Date "2008.04.14"]
[Round "-"]
[White "smothered mate"]
[Black "MazetaFighter"]
[Result "0-1"]
[WhiteCountry "POL"]
[BlackCountry "GRE"]
[WhiteElo "1926"]
[WhiteRD "48"]
[BlackElo "2048"]
[BlackRD "67"]
[GameID "150277"]

1. e4 d5 2. d4 dxe4 3. Nc3 Nf6 4. f3 exf3 5. Nxf3 Bg4 6. Bd3 e6 7. O-O Nc6 8. Be3 Nb4 9. Be2 Nbd5 10. Nxd5 Nxd5
11. Bf2 Bd6 12. h3 Bh5 13. Ne5 Bxe2 14. Qxe2 O-O 15. c4 Nf6 16. Rad1 h6 17. Bh4 Be7 18. Rf3 c6 19. Rb3 Qc7 20. g4 b6
21. Bg3 Bd6 22. Qg2 Rac8 23. h4 c5 24. g5 hxg5 25. hxg5 Nh5 26. Rdd3 Nxg3 27. Ng4 Nh5 28. Nf6+ Nxf6 29. gxf6 g6 30. Rh3 Qd8
31. Rbf3 Be7 32. fxe7 Qxe7 33. Qh2 Qg5+ 34. Rhg3 Qc1+ 35. Rf1 Qxc4 36. Rh3 Qxd4+ 37. Rf2 Rcd8 38. Kg2 Qxf2+
0-1

[Event "Tittle-tattles Promotional Tournament"]
[Site "SchemingMind.com"]
[Date "2008.04.18"]
[Round "-"]
[White "PankracyRozumek"]
[Black "riverriver"]
[Result "1-0"]
[WhiteCountry "POL"]
[BlackCountry "USA"]
[WhiteElo "1943"]
[WhiteRD "72"]
[BlackElo "1843"]
[BlackRD "72"]
[GameID "150884"]

1. e4 e5 2. Nf3 Nc6 3. d4 exd4 4. Nxd4 Nf6 5. Nxc6 bxc6 6. e5 Qe7 7. Qe2 Nd5 8. c4 Qb4+ 9. Nd2 Bc5 10. cxd5 cxd5
11. a3 Qb6 12. Nf3 O-O 13. Qb5 Bxf2+ 14. Kd1 Qc6 15. Qxc6 dxc6 16. Bd2 Bf5 17. Rc1 Rab8 18. b4 Bg4 19. Rxc6 Rbe8 20. Rxc7 h6
21. Bb5 Bxf3+ 22. gxf3 Rxe5 23. Rf1 Bb6 24. Rd7 Rd8 25. Rxd8+ Bxd8 26. f4 Re6 27. Re1 Bf6 28. Rxe6 fxe6 29. Kc2 Kf7 30. Bc3 Bxc3
31. Kxc3 Kf6 32. Kd4 Kf5 33. Ke3 Kf6 34. Bd3 e5 35. fxe5+ Kxe5 36. a4 g5 37. a5 h5 38. b5 d4+ 39. Kf3 Kd6 40. Ke4 Kc5
41. Kf5 Kd6 42. Kxg5 Kd7 43. Kxh5 Kc7 44. Kg6 Kd6 45. h4 Ke5 46. h5 Kf4 47. h6 Ke3 48. h7 Kxd3 49. h8=Q Kc4 50. Qe5 d3
51. Qe4+
1-0

[Event "Tittle-tattles Promotional Tournament"]
[Site "SchemingMind.com"]
[Date "2008.04.18"]
[Round "-"]
[White "PankracyRozumek"]
[Black "Efren ramos"]
[Result "1-0"]
[WhiteCountry "POL"]
[BlackCountry "NCA"]
[WhiteElo "1903"]
[WhiteRD "74"]
[BlackElo "1897"]
[BlackRD "77"]
[GameID "150885"]

1. e4 e5 2. Nf3 Nf6 3. Nxe5 d6 4. Nxf7 Kxf7 5. d4 Qe7 6. Bd3 Nc6 7. Be3 Bg4 8. f3 Bd7 9. Nc3 g6 10. Bg5 h6
11. Bc4+ Kg7 12. Nd5 Nxd5 13. Bxe7 Ndxe7 14. Qd2 Kh7 15. O-O-O Bg7 16. c3 Rhf8 17. h4 h5 18. Kb1 Bh6 19. Qe2 Rae8 20. g4 hxg4
21. fxg4 Rf4 22. Rdg1 Ref8 23. g5 Rf2 24. Qd1 Bg7 25. h5 R8f3 26. hxg6+ Kxg6 27. Rg2 d5 28. Rxf2
1-0

[Event "Tittle-tattles Promotional Tournament"]
[Site "SchemingMind.com"]
[Date "2008.04.16"]
[Round "-"]
[White "PankracyRozumek"]
[Black "Vaidotas"]
[Result "0-1"]
[WhiteCountry "POL"]
[BlackCountry "LTU"]
[WhiteElo "1903"]
[WhiteRD "74"]
[BlackElo "1904"]
[BlackRD "67"]
[GameID "150886"]

1. e4 c6 2. c4 g6 3. Nc3 Bg7 4. d4 d6 5. Nf3 Nd7 6. Be2 Qc7 7. O-O e5 8. Bg5 f6 9. Be3 Ne7 10. Rb1 O-O
11. b4 a5 12. a3 f5 13. exf5 Nxf5 14. dxe5 Nxe5 15. Ne4 axb4 16. axb4 Nxf3+ 17. Bxf3 Nxe3 18. fxe3 Bf5 19. Rb3 Be5 20. g4 Be6
21. Qc2 b5 22. Nd2 d5 23. cxd5 Bxh2+ 24. Kh1 Bxd5 25. Bxd5+ cxd5 26. Qxc7 Bxc7 27. Rxf8+ Kxf8 28. e4 Ra1+ 29. Kg2 Ra2 30. Rd3 dxe4
0-1

[Event "Tittle-tattles Promotional Tournament"]
[Site "SchemingMind.com"]
[Date "2008.04.16"]
[Round "-"]
[White "PankracyRozumek"]
[Black "z"]
[Result "1-0"]
[WhiteCountry "POL"]
[BlackCountry "IRQ"]
[WhiteElo "1857"]
[WhiteRD "81"]
[BlackElo "1796"]
[BlackRD "55"]
[GameID "150887"]

1. e4 a6 2. d4 b5 3. Bd3 e6 4. Nf3 c5 5. c3 Nf6 6. Bg5 Qb6 7. Bxf6 gxf6 8. O-O Bb7 9. Nbd2 Nc6 10. d5 Ne7
11. dxe6 fxe6 12. a4 O-O-O 13. axb5 axb5 14. b4 c4 15. Bxc4 bxc4 16. Nxc4 Qc6 17. Nd6+ Kc7 18. Nd4 Qb6 19. Nc4 Nc6 20. Nxb6 Kxb6
21. Nxc6 Bxc6 22. Qd4+ Kc7 23. Ra7+ Kc8 24. Qb6 Bd6 25. Rfa1 Bb8 26. Qa6+
1-0

[Event "Tittle-tattles Promotional Tournament"]
[Site "SchemingMind.com"]
[Date "2008.04.16"]
[Round "-"]
[White "PankracyRozumek"]
[Black "smothered mate"]
[Result "1-0"]
[WhiteCountry "POL"]
[BlackCountry "POL"]
[WhiteElo "1903"]
[WhiteRD "74"]
[BlackElo "1927"]
[BlackRD "49"]
[GameID "150888"]

1. e4 c5 2. Nf3 d6 3. c3 Nc6 4. d4 cxd4 5. cxd4 e6 6. Nc3 a6 7. Be2 Be7 8. O-O Nf6 9. Bf4 Nd7 10. a4 h6
11. d5 exd5 12. Nxd5 Nde5 13. Be3 O-O 14. Rc1 Be6 15. Bb6 Qd7 16. Nd4 Bxd5 17. exd5 Nxd4 18. Qxd4 Bf6 19. Qb4 Rac8 20. b3 Ng6
21. Rxc8 Rxc8 22. h3 Be5 23. Qe4 f5 24. Qb4 Bc3 25. Qa3 Qe7 26. Bc4 Nf4 27. Be3 Be5 28. Qa2 Kh8 29. Re1 Qf7 30. Qb1 b5
31. axb5 axb5 32. Bxb5 Qxd5 33. Bxf4 Bxf4 34. Bc4 Qc5 35. Qd3 Ra8 36. Qf3 Qa5 37. b4 Qd8 38. Qxf4 Qf6 39. b5 g5 40. Qf3 Rd8
41. b6 Qd4 42. Qc6 Qd2 43. Re8+ Rxe8 44. Qxe8+ Kg7 45. Qf7+
1-0

[Event "Tittle-tattles Promotional Tournament"]
[Site "SchemingMind.com"]
[Date "2008.04.16"]
[Round "-"]
[White "PankracyRozumek"]
[Black "MazetaFighter"]
[Result "1-0"]
[WhiteCountry "POL"]
[BlackCountry "GRE"]
[WhiteElo "1943"]
[WhiteRD "72"]
[BlackElo "2031"]
[BlackRD "73"]
[GameID "150889"]

1. e4 e5 2. Nf3 Nc6 3. d4 exd4 4. Nxd4 Bc5 5. Be3 Qf6 6. Nb5 Bxe3 7. fxe3 Qh4+ 8. g3 Qd8 9. Qg4 Kf8 10. Qf4 d6
11. N1c3 a6 12. Nd4 Ne5 13. O-O-O Nf6 14. Nf5 Ng6 15. Qf3 Ne5 16. Qg2 g6 17. Nh4 Kg7 18. h3 Be6 19. Nf3 Nxf3 20. Qxf3 Re8
21. g4 Qe7 22. g5 Nd7 23. h4 f5 24. exf5 Bxf5 25. Nd5 Qe4 26. Qg2 Rac8 27. h5 Re5 28. hxg6 Bxg6 29. Rh2 Qxg2 30. Bxg2 Nc5
31. Bh3 Rf8 32. Nxc7 Rf7 33. Nd5 Rxg5 34. Nf4 Ne4 35. Ne6+ Kg8 36. Nxg5 Nxg5 37. Bf1 Rc7 38. Bd3 Nf7 39. Rg2 Kg7 40. b3 Re7
41. Rg3 Re6 42. Bf5 Rf6 43. Bc8 Rf2 44. Rd2 Rxd2 45. Kxd2 Nd8 46. Rg4 Kf6 47. Rb4 h5 48. Bxb7 Nxb7 49. Rxb7 h4 50. Rb4 Kg5
51. Ke2 Bxc2 52. Kf3 d5 53. Rg4+ Kh5 54. Kf4 h3 55. Kg3 Bf5 56. Ra4 Bc8 57. Ra5
1-0

[Event "Tittle-tattles Promotional Tournament"]
[Site "SchemingMind.com"]
[Date "2008.04.18"]
[Round "-"]
[White "riverriver"]
[Black "PankracyRozumek"]
[Result "1/2-1/2"]
[WhiteCountry "USA"]
[BlackCountry "POL"]
[WhiteElo "1848"]
[WhiteRD "71"]
[BlackElo "1957"]
[BlackRD "75"]
[GameID "150890"]

1. d4 Nf6 2. c4 e6 3. Nf3 b6 4. Nc3 Bb7 5. a3 d5 6. cxd5 Nxd5 7. Qc2 Nxc3 8. Qxc3 h6 9. b4 Bd6 10. Ne5 O-O
11. e3 Nd7 12. Nxd7 Qxd7 13. f3 a5 14. b5 c6 15. bxc6 Bxc6 16. Bd3 Rfc8 17. O-O Bxf3 18. Qd2 Bc6 19. e4 b5 20. e5 Be7
21. Bb2 b4 22. axb4 Bxb4 23. Qe3 a4 24. Rac1 a3 25. Bc3 Bxc3 26. Rxc3 a2 27. Ra1 Rcb8 28. Bc2 Bd5 29. Qd2 Ra7 30. Rg3 Qb5
31. Rc3 Rab7 32. Qe1 Qb4 33. Rd1 Qb2 34. Kh1 Bb3 35. Bxb3 Rxb3 36. Rc7 a1=Q 37. Rxa1 Qxa1 38. Qxa1 Rb1+ 39. Rc1 Rxa1 40. Rxa1 f6
41. Kg1 Rb4 42. exf6 gxf6 43. Rd1 Kf7 44. d5 e5 45. Kf2 Ke7 46. Ke3 f5 47. d6+ Kd7 48. Rd5 Rb3+ 49. Kf2 Rb2+ 50. Kg3 f4+
51. Kf3 Rb3+ 52. Kg4 Rb2 53. Kf3 Rb3+=
1/2-1/2

[Event "Tittle-tattles Promotional Tournament"]
[Site "SchemingMind.com"]
[Date "2008.04.18"]
[Round "-"]
[White "Efren ramos"]
[Black "PankracyRozumek"]
[Result "1-0"]
[WhiteCountry "NCA"]
[BlackCountry "POL"]
[WhiteElo "1916"]
[WhiteRD "79"]
[BlackElo "1892"]
[BlackRD "73"]
[GameID "150891"]

1. d4 Nf6 2. Nf3 e6 3. c4 b6 4. a3 c5 5. d5 Ba6 6. Qc2 exd5 7. cxd5 g6 8. Nc3 Bg7 9. e4 Bxf1 10. Kxf1 d6
11. g3 O-O 12. Kg2 a6 13. a4 Re8 14. Re1 Nbd7 15. Bf4 Qc7 16. Nd2 Ne5 17. Bxe5 Rxe5 18. f4 Re7 19. Nf3 Qb7 20. Rad1 b5
21. b3 b4 22. Nb1 Rae8 23. Nbd2 Nd7 24. Nc4 Qc7 25. e5 Qa7 26. Nxd6 Rd8 27. Nc4 Ree8 28. Ng5 f6 29. Ne6 Rb8 30. Nxg7 Kxg7
31. e6 Nf8 32. g4 h5 33. h3 Rbd8 34. g5 Nh7 35. h4 Nf8 36. Qb2 Nh7 37. d6 Qb7+ 38. Kg3 Rg8 39. e7 Qd7 40. Qe2
1-0

[Event "Tittle-tattles Promotional Tournament"]
[Site "SchemingMind.com"]
[Date "2008.04.17"]
[Round "-"]
[White "Vaidotas"]
[Black "PankracyRozumek"]
[Result "0-1"]
[WhiteCountry "LTU"]
[BlackCountry "POL"]
[WhiteElo "1891"]
[WhiteRD "67"]
[BlackElo "1892"]
[BlackRD "73"]
[GameID "150892"]

1. e4 Nf6 2. e5 Nd5 3. Nc3 Nxc3 4. dxc3 d6 5. Bc4 Nc6 6. Nf3 dxe5 7. Qxd8+ Nxd8 8. Nxe5 f6 9. Nf3 e5 10. Be3 Be6
11. Be2 Nc6 12. Rd1 Bd6 13. O-O O-O-O 14. Rfe1 h6 15. Nd2 f5 16. f3 g5 17. Nc4 Be7 18. Bf2 h5 19. Bf1 b5 20. Nd2 a6
21. a4 Bd6 22. axb5 axb5 23. Bxb5 Na5 24. b4 Nb7 25. Ra1 Kb8 26. Ba7+ Kc8 27. Be3 c5 28. Bc4 Bxc4 29. Nxc4 f4 30. Nxd6+ Nxd6
31. Bxc5 Rhe8 32. Ra8+ Kc7 33. Rxd8 Rxd8 34. Rd1 Nc4 35. Rxd8 Kxd8 36. h3 Kd7 37. b5 Na5 38. Kf2 Ke6 39. Bb4 Nc4 40. Bc5 Kd5
41. Be7 g4 42. fxg4 hxg4 43. h4 e4 44. h5 g3+ 45. Ke2 Ne3 46. h6 Nxg2 47. h7 f3+ 48. Kf1 Ne3+ 49. Ke1 f2+
0-1

[Event "Tittle-tattles Promotional Tournament"]
[Site "SchemingMind.com"]
[Date "2008.04.17"]
[Round "-"]
[White "z"]
[Black "PankracyRozumek"]
[Result "1-0"]
[WhiteCountry "IRQ"]
[BlackCountry "POL"]
[WhiteElo "1796"]
[WhiteRD "55"]
[BlackElo "1857"]
[BlackRD "81"]
[GameID "150893"]

1. b4 d5 2. Bb2 Nf6 3. e3 Bf5 4. c4 e6 5. a3 Nbd7 6. Nf3 c5 7. bxc5 dxc4 8. Bxc4 Bxc5 9. O-O O-O 10. d4 Nb6
11. Bd3 Bxd3 12. Qxd3 Bd6 13. e4 Nfd7 14. Nbd2 Bf4 15. a4 a5 16. g3 Nc5 17. Qb5 Bxd2 18. Nxd2 Ncd7 19. Nb3 Nc8 20. Rab1 Nd6
21. Qe2 f6 22. Ba3 Nb6 23. e5 fxe5 24. dxe5 Nf5 25. Bxf8 Qxf8 26. Rfc1 Nxa4 27. Qb5 Qb4 28. Qd7 Nc3 29. Qxe6+ Kh8 30. Rxc3 Qxc3
31. Rc1 Qxc1+ 32. Nxc1
1-0

[Event "Tittle-tattles Promotional Tournament"]
[Site "SchemingMind.com"]
[Date "2008.04.16"]
[Round "-"]
[White "smothered mate"]
[Black "PankracyRozumek"]
[Result "1-0"]
[WhiteCountry "POL"]
[BlackCountry "POL"]
[WhiteElo "1927"]
[WhiteRD "49"]
[BlackElo "1903"]
[BlackRD "74"]
[GameID "150894"]

1. e4 Nf6 2. e5 Nd5 3. c4 Nb6 4. d4 d6 5. exd6 exd6 6. Nc3 Nc6 7. Be3 Be7 8. Qf3 O-O 9. Bd3 Nb4 10. Be4 Nxc4
11. a3 d5 12. Bb1 Nxe3 13. fxe3 Nc6 14. Nxd5 Bd6 15. Ne2 Ne7 16. Qh5 h6 17. Ndf4 Qd7 18. O-O Qg4 19. Qb5 c6 20. Qd3 Bf5
21. e4 Bg6 22. h3 Qd7 23. Nxg6 Nxg6 24. e5 Bc7 25. Nf4 Bb6 26. Nxg6 fxg6 27. Ba2+ Kh8 28. Rad1 c5 29. Qxg6 Rxf1+ 30. Rxf1 Qxd4+
31. Kh1 Qxe5 32. Bb1
1-0

[Event "Tittle-tattles Promotional Tournament"]
[Site "SchemingMind.com"]
[Date "2008.04.16"]
[Round "-"]
[White "MazetaFighter"]
[Black "PankracyRozumek"]
[Result "1-0"]
[WhiteCountry "GRE"]
[BlackCountry "POL"]
[WhiteElo "2048"]
[WhiteRD "67"]
[BlackElo "1892"]
[BlackRD "73"]
[GameID "150895"]

1. e4 Nf6 2. Nc3 d5 3. e5 Nfd7 4. e6 fxe6 5. d4 c5 6. Nf3 Nc6 7. dxc5 g6 8. h4 Bg7 9. h5 Nxc5 10. hxg6 hxg6
11. Rxh8+ Bxh8 12. Bd3 Kd7 13. Be3 b6 14. Bb5 a6 15. Nxd5 axb5 16. Nxb6+ Ke8 17. Qxd8+ Nxd8 18. Nxa8 Na6 19. Nb6 Bxb2 20. Rb1 Bc3+
21. Ke2 Bd7 22. Nxd7 Kxd7 23. Rxb5 Nc6 24. a3 Bf6 25. Kd3 Nc7 26. Rb1 e5 27. Ng5 Bxg5 28. Bxg5 e6 29. Rh1 Nb5 30. a4 Nd6
31. Rh6 Nb4+ 32. Kc3 Nd5+ 33. Kb3 Ne4 34. Be3 g5 35. a5 Nc7 36. Bb6 Nd2+ 37. Kb4 Nd5+ 38. Kb5 Nc3+ 39. Ka6 Nc4 40. Rh7+ Kd6
41. Rc7 Kd5 42. Rc5+ Kd4 43. Rb5+ Ke4 44. f3+
1-0

[Event "Tittle-tattles Promotional Tournament"]
[Site "SchemingMind.com"]
[Date "2008.04.18"]
[Round "-"]
[White "Dr_Pat"]
[Black "riverriver"]
[Result "1-0"]
[WhiteCountry "USA"]
[BlackCountry "USA"]
[WhiteElo "1992"]
[WhiteRD "50"]
[BlackElo "1848"]
[BlackRD "70"]
[GameID "150978"]

1. d4 d5 2. c4 e6 3. Nc3 c6 4. Nf3 Nf6 5. Bg5 Nbd7 6. e3 Qa5 7. Nd2 Bb4 8. Qc2 O-O 9. Be2 c5 10. O-O cxd4
11. Nb3 Qb6 12. exd4 h6 13. c5 Qd8 14. Bf4 Re8 15. Nb5 e5 16. dxe5 Nxe5 17. a3 Ba5 18. Nxa5 Qxa5 19. Nd6 Re6 20. Rfe1 Qc7
21. b4 Bd7 22. Qc3 b6 23. Bxe5 Ne8 24. Nxf7 Qc6 25. Bh5 bxc5 26. bxc5 g6 27. Nxh6+ Kh7 28. Bg4 Kxh6 29. Qh3+
1-0

[Event "Tittle-tattles Promotional Tournament"]
[Site "SchemingMind.com"]
[Date "2008.04.18"]
[Round "-"]
[White "Dr_Pat"]
[Black "Efren ramos"]
[Result "1-0"]
[WhiteCountry "USA"]
[BlackCountry "NCA"]
[WhiteElo "1929"]
[WhiteRD "48"]
[BlackElo "1910"]
[BlackRD "82"]
[GameID "150979"]

1. d4 d5 2. c4 c6 3. Nf3 Nf6 4. Nc3 dxc4 5. a4 Bf5 6. e3 e6 7. Bxc4 Bb4 8. O-O Nbd7 9. Qe2 Bg4 10. h3 Bh5
11. Rd1 Qe7 12. e4 Bxf3 13. Qxf3 e5 14. d5 O-O 15. dxc6 bxc6 16. Bg5 Rfd8 17. Ne2 h6 18. Bh4 g5 19. Bg3 Kg7 20. Bh2 Nb6
21. Bb3 a5 22. Ng3 Qc7 23. Nf5+ Kg6 24. Nxh6
1-0

[Event "Tittle-tattles Promotional Tournament"]
[Site "SchemingMind.com"]
[Date "2008.04.17"]
[Round "-"]
[White "Dr_Pat"]
[Black "Vaidotas"]
[Result "1-0"]
[WhiteCountry "USA"]
[BlackCountry "LTU"]
[WhiteElo "1929"]
[WhiteRD "48"]
[BlackElo "1898"]
[BlackRD "71"]
[GameID "150980"]

1. d4 d6 2. c4 g6 3. Nc3 Bg7 4. e4 Nc6 5. Be3 e5 6. d5 Nce7 7. g4 f5 8. gxf5 gxf5 9. Qh5+ Kf8 10. Bh3 f4
11. Bd2 Nf6 12. Qe2 Ng6 13. Bxc8 Qxc8 14. Nf3 b6 15. O-O-O a6 16. Rdg1 Rg8 17. h4 Bh6 18. Kb1 Nh8 19. Rxg8+ Nxg8 20. Ng5 Nf6
21. Rg1 Ke7 22. Ne6 Kd7 23. Qd1 Ke7 24. a3 Ng6 25. h5 Nf8 26. Ng7 Kf7 27. Nf5 Ng8 28. Qg4
1-0

[Event "Tittle-tattles Promotional Tournament"]
[Site "SchemingMind.com"]
[Date "2008.04.17"]
[Round "-"]
[White "Dr_Pat"]
[Black "PankracyRozumek"]
[Result "1/2-1/2"]
[WhiteCountry "USA"]
[BlackCountry "POL"]
[WhiteElo "1992"]
[WhiteRD "50"]
[BlackElo "1903"]
[BlackRD "74"]
[GameID "150981"]

1. d4 Nf6 2. c4 e6 3. Nc3 Bb4 4. Qc2 O-O 5. a3 Bxc3+ 6. Qxc3 b6 7. Bg5 c5 8. dxc5 bxc5 9. e3 Nc6 10. Bd3 Rb8
11. Ne2 h6 12. Bh4 Qe7 13. O-O-O Rd8 14. g4 g5 15. Bg3 e5 16. h4 d6 17. hxg5 hxg5 18. f4 Bxg4 19. fxg5 Nh5 20. Rdg1 e4
21. Bf4 exd3 22. Rxg4 dxe2 23. Rxh5 Ne5 24. Rg1 Qb7 25. Bxe5 dxe5 26. Qxe5 Rd1+ 27. Rxd1 Qxb2+ 28. Qxb2 exd1=Q+ 29. Kxd1 Rxb2 30. Rh6 Rb3
31. Ra6 Rxe3 32. Rxa7 Rc3 33. a4 Rxc4 34. a5 Ra4 35. a6 Ra5 36. Ra8+ Kg7 37. a7 c4 38. Kc2 Ra4 39. Kb2 Kh7=
1/2-1/2

[Event "Tittle-tattles Promotional Tournament"]
[Site "SchemingMind.com"]
[Date "2008.04.17"]
[Round "-"]
[White "Dr_Pat"]
[Black "z"]
[Result "1-0"]
[WhiteCountry "USA"]
[BlackCountry "IRQ"]
[WhiteElo "1929"]
[WhiteRD "48"]
[BlackElo "1825"]
[BlackRD "51"]
[GameID "150982"]

1. d4 b5 2. e4 a6 3. Nf3 Bb7 4. Bd3 e6 5. O-O c5 6. c3 Nf6 7. Re1 Be7 8. Bg5 c4 9. Bc2 d5 10. e5 Nfd7
11. Bxe7 Qxe7 12. Nbd2 Nc6 13. Qe2 h6 14. Nf1 O-O-O 15. b4 Rde8 16. a4 Rhg8 17. Ne3 f5 18. exf6 gxf6 19. Qd2 Kb8 20. Nf5 Qf8
21. Nxh6 Rh8 22. axb5 axb5 23. Ng4 Qg7 24. Qf4+ e5 25. Qg3 Rh5 26. dxe5 fxe5 27. Ngxe5 Qxg3 28. Nxc6+ Kc7 29. fxg3 Rxe1+ 30. Rxe1 Bxc6
31. g4 Rh8 32. g5 Nf8 33. Nd4 Rg8 34. h4 Ng6 35. Nxc6 Kxc6 36. Re6+
1-0

[Event "Tittle-tattles Promotional Tournament"]
[Site "SchemingMind.com"]
[Date "2008.04.17"]
[Round "-"]
[White "Dr_Pat"]
[Black "smothered mate"]
[Result "1-0"]
[WhiteCountry "USA"]
[BlackCountry "POL"]
[WhiteElo "1992"]
[WhiteRD "50"]
[BlackElo "1927"]
[BlackRD "49"]
[GameID "150983"]

1. d4 d5 2. c4 Bf5 3. Nc3 e6 4. Nf3 Nc6 5. Bf4 Bd6 6. Bxd6 Qxd6 7. e3 Nf6 8. c5 Qe7 9. Bb5 O-O 10. Bxc6 bxc6
11. Ne5 Ne4 12. O-O Nxc3 13. bxc3 f6 14. Nxc6 Qd7 15. Nb4 a5 16. Nd3 Qb5 17. Nf4 g5 18. g4 gxf4 19. gxf5 e5 20. dxe5 Qxc5
21. exf4 Kh8 22. Qd3 Qc6 23. Rfd1 Rg8+ 24. Kf1 Rad8 25. e6 Qd6 26. Qd4 Qe7 27. h3 c5 28. Qe3 Rd6 29. Rab1 Rgd8 30. Qf3 Qc7
31. Rb2 Qc6 32. Rdb1 d4 33. Qxc6 Rxc6 34. Rb7 Rcd6 35. e7
1-0

[Event "Tittle-tattles Promotional Tournament"]
[Site "SchemingMind.com"]
[Date "2008.04.17"]
[Round "-"]
[White "Dr_Pat"]
[Black "MazetaFighter"]
[Result "1/2-1/2"]
[WhiteCountry "USA"]
[BlackCountry "GRE"]
[WhiteElo "1929"]
[WhiteRD "48"]
[BlackElo "2004"]
[BlackRD "71"]
[GameID "150984"]

1. d4 d5 2. c4 e6 3. Nc3 Nf6 4. Bg5 Nbd7 5. e3 c6 6. Nf3 Qa5 7. Nd2 dxc4 8. Bxf6 Nxf6 9. Nxc4 Qc7 10. Be2 Be7
11. O-O O-O 12. Rc1 Rd8 13. Qc2 Bd7 14. Ne5 Be8 15. Nd3 Rac8 16. Qb1 Bd6 17. g3 Qe7 18. Rfd1 e5 19. dxe5 Bxe5 20. Nxe5 Qxe5
21. Qc2 Bd7 22. Qb3 b6 23. Qa3 a5 24. Qd6 Qf5 25. Rd4 Ne8 26. Qe7 Qe6 27. Qh4 Nf6=
1/2-1/2

[Event "Tittle-tattles Promotional Tournament"]
[Site "SchemingMind.com"]
[Date "2008.04.18"]
[Round "-"]
[White "riverriver"]
[Black "Dr_Pat"]
[Result "0-1"]
[WhiteCountry "USA"]
[BlackCountry "USA"]
[WhiteElo "1848"]
[WhiteRD "70"]
[BlackElo "1992"]
[BlackRD "50"]
[GameID "150985"]

1. d4 d5 2. c4 c6 3. Nf3 Nf6 4. Nc3 e6 5. e3 Nbd7 6. Bd3 Bd6 7. Qc2 O-O 8. O-O dxc4 9. Bxc4 b5 10. Be2 Bb7
11. Bd2 a6 12. Ng5 Qc7 13. f4 c5 14. Bd3 h6 15. Bh7+ Kh8 16. dxc5 Nxc5 17. b4 hxg5 18. bxc5 Bxc5 19. Bd3 gxf4 20. Ne2 Bxe3+
21. Bxe3 Qxc2 22. Bxc2 fxe3 23. Rae1 Rfd8 24. Nf4 Rd2 25. Bb3 g5 26. Ne2 Kg7 27. a3 Rb2 28. Rb1 Rxe2 29. Bd1 Rxg2+ 30. Kh1 Rh8
0-1